000 00808cam a22002292 4500
001 0000018962
005 20151217155900.0
008 100822s xx 000 0 eng d
020 _a0195731989 (student's book)
020 _a0195731999 (teacher's book)
040 _aKABU
_cKABU
245 1 0 _aGod's people :
_ba CRE course form 2 student's book /
_cElizabeth Odero ... [et al.]
250 _aNew ed.
260 _aNairobi :
_bO. U. P.,
_c2004.
300 _aviii, 102 p. +
_eWith teacher's book.
650 0 _aChristian religious education.
_@0000178461
700 1 _aOdero, Elizabeth.
_@0000178462
852 1 _9p325 KES
852 1 _9p200 KES
908 _a100822
950 _@1
999 _c13691
_d13691